000 00512nam a2200217Ia 4500
005 20250217061102.0
008 240331s9999 xx 000 0 und d
082 _bADE
_2316
_a305.4
245 0 _aWomen's Liberation
260 _aNew York
_bSt. Martin's Press
_c1972
300 _av, 150 p.,
650 _aWomen
650 _aMotherhood
650 _aLiberation
650 _aPolitics
650 _aWar
650 _aLabour
700 _aAdelstein, M. E
_eedt
700 _aPival, J. G
_eedt
942 _cL
999 _c1732
_d1732